Will You Still Love Me ? (Record no. 46441)

MARC details
000 -LEADER
fixed length control field 00412nam a22001577a 4500
008 - FIXED-LENGTH DATA ELEMENTS--GENERAL INFORMATION
fixed length control field 220224b ||||| |||| 00| 0 eng d
020 ## - INTERNATIONAL STANDARD BOOK NUMBER
International Standard Book Number 9780143429364
041 ## - LANGUAGE CODE
Language code of text/sound track or separate title eng
082 ## - DEWEY DECIMAL CLASSIFICATION NUMBER
Classification number 823.914
Item number RAW
100 ## - MAIN ENTRY--PERSONAL NAME
Personal name Ravinder Singh
245 ## - TITLE STATEMENT
Title Will You Still Love Me ?
Remainder of title
Statement of responsibility, etc. By Ravinder Singh
260 ## - PUBLICATION, DISTRIBUTION, ETC.
Place of publication, distribution, etc. Gurgaon
Name of publisher, distributor, etc. Penguin Random House
Date of publication, distribution, etc. 2018
300 ## - PHYSICAL DESCRIPTION
Extent 260p.
650 ## - SUBJECT ADDED ENTRY--TOPICAL TERM
Topical term or geographic name entry element GENERAL BOOKS
942 ## - ADDED ENTRY ELEMENTS (KOHA)
Koha item type Books
Holdings
Withdrawn status Lost status Source of classification or shelving scheme Damaged status Not for loan Home library Current library Date acquired Source of acquisition Cost, normal purchase price Total Checkouts Full call number Barcode Date due Date last seen Date last checked out Price effective from Koha item type
    Dewey Decimal Classification     Chaudhary Ranbir Singh University Chaudhary Ranbir Singh University 27.03.2023 Abhishek Book Agency, Delhi 199.00 9 823.914 RAW 31232 06.05.2026 06.04.2026 06.04.2026 12.05.2023 Books


Copyright © 2025 CRSU. All Rights Reserved.